Административные центры Западной Сибири: городская среда и социально-культурное развитие (1870-1914 гг.): монография

Detaylı Bibliyografya
Yazar: Алисов Д. А. Дмитрий Андреевич
Müşterek Yazar: Омский государственный университет им. Ф. М. Достоевского (ОмГУ)
Özet:На основе современных теоретико-методологических подходов предпринята попытка исследовать процесс формирования и развития культуры главных административных центров Западной Сибири - Тобольска, Омска и Томска - в условиях начальной модернизации России. Монография отличается от многих других трудов тем, что автор попытался проанализировать процесс взаимодействия социальных, культурных и пространственных форм организации и развития городской культуры. Исследование проведено на широкой источниковой базе с использованием документов, извлеченных впервые как из центральных, так и местных архивов.
Dil:Rusça
Baskı/Yayın Bilgisi: Омск, Изд-во ОмГУ, 2006
Konular:
Materyal Türü: MixedMaterials Kitap
KOHA link:https://koha.lib.tpu.ru/cgi-bin/koha/opac-detail.pl?biblionumber=141162

MARC

LEADER 00000nam0a2200000 4500
001 141162
005 20231101220910.0
010 |a 5777906699 
035 |a (RuTPU)RU\TPU\book\153007 
090 |a 141162 
100 |a 20080730d2006 k y0rusy50 ca 
101 0 |a rus 
102 |a RU 
105 |a a z 001zy 
200 1 |a Административные центры Западной Сибири: городская среда и социально-культурное развитие (1870-1914 гг.)  |e монография  |f Д. А. Алисов 
210 |a Омск  |c Изд-во ОмГУ  |d 2006 
215 |a 337 с.  |c ил. 
320 |a Библиография в конце глав. 
330 |a На основе современных теоретико-методологических подходов предпринята попытка исследовать процесс формирования и развития культуры главных административных центров Западной Сибири - Тобольска, Омска и Томска - в условиях начальной модернизации России. Монография отличается от многих других трудов тем, что автор попытался проанализировать процесс взаимодействия социальных, культурных и пространственных форм организации и развития городской культуры. Исследование проведено на широкой источниковой базе с использованием документов, извлеченных впервые как из центральных, так и местных архивов. 
606 1 |a Город в Западной Сибири  |x История  |2 stltpush  |3 (RuTPU)RU\TPU\subj\67207  |9 83090 
610 1 |a Западная Сибирь 
610 1 |a административные центры 
610 1 |a городская среда 
610 1 |a социально-культурное развитие 
610 1 |a культура 
610 1 |a 19 век 
610 1 |a 20 век 
610 1 |a население 
610 1 |a Тобольск 
610 1 |a Омск 
610 1 |a Томск 
686 |a Т3(253.3)-2  |v LBC/SL-A  |2 rubbk 
700 1 |a Алисов  |b Д. А.  |g Дмитрий Андреевич 
712 0 2 |a Омский государственный университет им. Ф. М. Достоевского (ОмГУ)  |2 stltpush  |3 (RuTPU)RU\TPU\col\403 
801 1 |a RU  |b 63413507  |c 20080730  |g PSBO 
801 2 |a RU  |b 63413507  |c 20120412  |g PSBO 
900 |a История Сибири 
942 |c BK 
959 |a 74/20080722  |d 1  |e 430,00  |f ЧЗГЛ:1